[Event "Lyon op"]
[Site "Lyon"]
[Date "2005.04.18"]
[Round "3"]
[White "Cuillerot, D."]
[Black "Darget, B."]
[Result "1-0"]
[WhiteElo "1660"]
[BlackElo "1940"]
[PlyCount "69"]
[EventDate "2005.04.16"]
[EventType "swiss"]
[EventRounds "9"]
[EventCountry "FRA"]
[SourceTitle "CBM 105 Extra"]
[Source "ChessBase"]
[SourceDate "2005.05.01"]
[SourceVersion "1"]
[SourceVersionDate "2005.05.01"]
[SourceQuality "1"]

1. d4 d5 2. c4 c6 3. Nf3 Nf6 4. Nc3 e6 5. e3 Nbd7 6. Qc2 Bd6 7. g4 Nxg4 8. Rg1 Ngf6 9. Rxg7 Bf8 10. Rg1 h6 11. Bd2 Qc7 12. 0-0-0 dxc4 13. Bxc4 b5 14. Bd3 a6 15. e4 Bb7 16. d5 0-0-0 17. dxe6 fxe6 18. Rg6 Bd6 19. h3 Bf4 20. Ne2 Bxd2+ 21. Qxd2 Nc5 22. Qe3 Nxd3+ 23. Rxd3 Rxd3 24. Qxd3 Qe7 25. Qd4 e5 26. Qxe5 Qxe5 27. Nxe5 Nxe4 28. Nxc6 Nxf2 29. h4 Kd7 30. Ne5+ Kc7 31. Rg7+ Kb6 32. Nd7+ Ka5 33. a3 b4 34. axb4+ Kxb4 35. Nc5 1-0

[Event "Lyon op"]
[Site "Lyon"]
[Date "2005.04.16"]
[Round "1"]
[White "Cuillerot, D."]
[Black "Rosenfeld, Imre"]
[Result "0-1"]
[WhiteElo "1660"]
[BlackElo "2082"]
[PlyCount "50"]
[EventDate "2005.04.16"]
[EventType "swiss"]
[EventRounds "9"]
[EventCountry "FRA"]
[SourceTitle "CBM 105 Extra"]
[Source "ChessBase"]
[SourceDate "2005.05.01"]
[SourceVersion "1"]
[SourceVersionDate "2005.05.01"]
[SourceQuality "1"]

1. d4 d5 2. c4 c6 3. Nf3 e6 4. Nc3 dxc4 5. a4 Bb4 6. e3 b5 7. Bd2 a5 8. axb5 Bxc3 9. Bxc3 cxb5 10. b3 Bb7 11. bxc4 b4 12. Bd2 Nf6 13. Bd3 Ne4 14. 0-0 Nd7 15. c5 Bc6 16. Qc2 Nxd2 17. Nxd2 Nf6 18. Ne4 0-0 19. Rfd1 g6 20. Nd6 Qb8 21. Qe2 Nd5 22. Qf3 b3 23. Rd2 a4 24. Qd1 a3 25. Nc4 Qb4 0-1